000
00238nam a2200097Ia 4500
001
691344
005
20250826161833.0
008
250824s9999 xx 000 0 und d
245
0
_a
KİLİTLİ ODA
_c
İLKNUR ÖZDEMİR
260
_b
CAN YAYINLARI
999
_c
691344
_d
691344